| 000 | 01118nam a2200253 i 4500 | ||
|---|---|---|---|
| 001 | 77934 | ||
| 003 | ES-MaACL | ||
| 005 | 20250811100941.0 | ||
| 007 | t| | ||
| 008 | 041115s1971 sp |||| | spa d | ||
| 080 | _a061.236.7(460.27 M.).053"1970":616.89 | ||
| 080 | _a616.89:061.236.7(460.27 M.).053"1970" | ||
| 080 | _a616.8-008.64(04) | ||
| 110 | 2 |
_aSociedad Española de Psiquiatría. _bReunión conjunta _n(1ª. _d1970. _cMadrid) _96752 |
|
| 245 | 1 | 0 |
_aDepresión _b: aspectos psicosomáticos, etiopatogénicos, clínicos y sociológicos : su tratamiento / _cSociedad Española de Psiquiatría, Sociedad Española de Medicina Interna, Sociedad Española de Medicina Psicosomática, I Reunión Conjunta. |
| 260 |
_aMadrid : _bProductos Roche, _c[1971] |
||
| 300 |
_a389 p. : _bil. col. ; _c24 cm. |
||
| 650 | 1 | 4 |
_aDepresión mental- _vCongresos y asambleas. _911598 |
| 710 | 2 |
_aSociedad Española de Medicina Psicosomática y Psicoterarapia. _96738 |
|
| 710 | 2 |
_aSociedad Española de Medicina Interna. _96737 |
|
| 710 | 2 |
_aProductos Roche. _96261 |
|
| 852 |
_aES-MaACL _jL-28448 |
||
| 999 |
_c77934 _d77934 |
||